Análisis crítico del proceso de remodelación de la población de San Andrés Itzapa, devastada como consecuencia del terremoto del 4 de febrero de 1976

Propone un proceso de análisis del uso y del consumo del espacio habitacional, producido como primer etapa de la reconstrucción, algunas alternativas concretas de crecimiento del módulo inicial de vivienda.

Bibliographic Details
Main Author: Búcaro Hurtarte, Sergio
Other Authors: Tutor: Méndez Dávila, Lionel
Format: Tesis Section = Libro
Language:Undetermined
Spanish
Published: Guatemala USAC-G 1976
Subjects:
LEADER 00963nam a2200217Ia 4500
008 240830s9999 xx 000 0 und d
040 |a BIBLIOTECA-RUSB/ Mon 728.1728161 B918 
041 |a spa 
082 |a Mon 728.1728161 B918 
100 1 |a Búcaro Hurtarte, Sergio 
245 1 0 |a Análisis crítico del proceso de remodelación de la población de San Andrés Itzapa, devastada como consecuencia del terremoto del 4 de febrero de 1976 
260 |a Guatemala  |b USAC-G  |c 1976 
300 |a 51 p. :il. 
502 |a Tesis (Arquitecto) - USAC-G, 1976. 
520 3 |a Propone un proceso de análisis del uso y del consumo del espacio habitacional, producido como primer etapa de la reconstrucción, algunas alternativas concretas de crecimiento del módulo inicial de vivienda. 
650 7 |a VIVIENDAS ECONOMICAS-CHIMALTENGO 
650 7 |b  VIVIENDA - GUATEMALA I 
700 1 |a Tutor:  |b Méndez Dávila, Lionel 
942 |c BK  |2 ddc 
991 |a TESIS 
999 |c 21482